01883 a2200265 4500003000500000005001700005010001600022020001500038040000900053082001500062245021700077250001200294260004000306300002600346505059000372650004500962650003801007700003301045942002401078999001901102952012401121952012401245952012401369952012401493Nust20230808135609.0 a 79019526 a0080255515 cNust00a621.47,SOL10aSolar energy and conservation :btechnology, commercialization, utilization : proceedings of the Solar Energy and Conservation Symposium, 11-13 December 1978, Miami Beach, Florida /cedited by T. Nejat Veziroglu. aVol 1-2 aNew York :bPergamon Press,cc1980. a982 pbill. ;c25 cm. aSolar Radiation (Page-1), Flat Plate Collectors (Page-32), Concentrating Collectors (Page-113), Storage and transmission (Page-173), Water Heating (Page-301), Heating and Cooling (Page-315), Architectural aspects (Page-477), Drying and distillation (Page-530), Power generation (Page-595), Ocean thermal energy (Page-786), Wind energy (Page-853), Conservation technology (Page-884), Regional programs (Page-983), Commercialization (Page-1058), Standards and specifications (Page-1191), Technology transfer (Page-1234), Policy,incentives and barriers (Page-1268), Economics (Page-1347). 0aEnergy conservationxCongresses.9110529 0aSolar energyxCongresses.91105301 aVeziroglu, T. Nejat.9110531 2ddccBKk621.47,SOL c183560d183560 00102ddc4070aMCSbMCScGENd2016-12-12o621.47,SOLpMCS21242r2016-12-08w2016-12-12yBKzAlmirah No.74, Shelf No.6 00102ddc4070aMCSbMCScGENd2016-12-12o621.47,SOLpMCS21297r2016-12-08w2016-12-12yBKzAlmirah No.84, Shelf No.5 00102ddc4070aMCSbMCScGENd2016-12-12o621.47,SOLpMCS21367r2016-12-08w2016-12-12yBKzAlmirah No.74, Shelf No.6 00102ddc4070aMCSbMCScGENd2016-12-12o621.47,SOLpMCS22257r2016-12-08w2016-12-12yBKzAlmirah No.84, Shelf No.5